Najbogatsze państwa według PKB na mieszkańca - Statystyki

Ogólne statystyki
  • Ten quiz został rozwiązany 33 230 razy
    9 044 od ostatniego zresetowania
  • Średni wynik to 13 z 20
Statystyki odpowiedzi
Dochód Państwo % Poprawnych
$85,000 Stany Zjednoczone
95%
$92,000 Szwajcaria
80%
$144,000 Luksemburg
79%
$203,000 Monako
79%
$83,000 Norwegia
77%
$134,000 Liechtenstein
76%
$69,000 Szwecja
75%
$97,000 Zjednoczone Emiraty Arabskie
71%
$112,000 Katar
69%
$134,000 Singapur
66%
$78,000 Dania
65%
$70,000 Arabia Saudyjska
64%
$74,000 Holandia
64%
$87,000 San Marino
61%
$74,000 Islandia
58%
$69,000 Austria
57%
$134,000 Irlandia
53%
$77,000 Tajwan
40%
$78,000 Brunei
32%
$80,000 Gujana
6%
Nie znaleziono quizów pasujących do podanych kryteriów
Rozkład punktacji
Procent ludzi z każdym wynikiem
Percentyl według liczby udzielonych odpowiedzi
Twoja historia wyników
Nie rozwiązałeś tego quizu od ostatniego zresetowania